000 00608nam a2200181 i 4500
001 79862
003 ES-MaACL
005 20230906174052.0
007 t|
008 041025s1957 sp ||||1| spa d
100 1 _aHérwegen, Ildefonso.
_963433
245 1 0 _aIglesia Arte Misterio /
_cIldefonso Hérwegen ; prólogo del Burkhard Neunhenser Osa ; lo tradujo del alemán Ignacio Oñatibia.
260 _aMadrid :
_bGuadarrama,
_c[1957]
300 _a109 p., 6 lám. ;
_c18 cm.
700 1 _aNeunhenser Osa, Burkhard.
_985455
700 1 _aOñatibia, Ignacio.
_987114
852 _aES-MaACL
_jC-19003
_bR.46175
999 _c79862
_d79862